[Event "Carnaval"]
[Site "Quebec CAN"]
[Date "2025.02.23"]
[Round "4"]
[White "Gauvin, Mathieu"]
[Black "Humbert, Jules"]
[Result "1-0"]
[WhiteElo "1222"]
[BlackElo "1109"]
[WhiteFideId "-1"]
[WhiteFideId "-1"]
[PlyCount "58"]
[GameId "2151043325473750"]
[EventDate "2025.02.21"]
[EventType "swiss"]
[EventRounds "5"]
[EventCountry "CAN"]
[TimeControl "5400+30"]

1. e4 c5 2. Nf3 d6 3. d4 cxd4 4. Nxd4 Nf6 5. Nc3 g6 6. f4 Bg7 7. e5 dxe5 8. fxe5 Ng4 9. Bb5+ Nc6 10. Nxc6 Qxd1+ 11. Nxd1 Bd7 12. Nd4 Nxe5 13. Bxd7+ Nxd7 14. c3 O-O 15. O-O Rac8 16. Nf2 Ne5 17. Bg5 Rfe8 18. Rfe1 e6 19. Rad1 Nc4 20. Re2 h6 21. Be3 Red8 22. b3 Nb6 23. c4 Rc7 24. Red2 Rcd7 25. Nf3 Rxd2 26. Rxd2 Rxd2 27. Nxd2 Bc3 28. Nde4 Bb2 29. Nd6 Kf8 1-0

[Event "Carnaval"]
[Site "Quebec CAN"]
[Date "2025.02.23"]
[Round "4"]
[White "Guillemette, Thomas"]
[Black "Masse, Hugues"]
[Result "0-1"]
[WhiteElo "1871"]
[BlackElo "2121"]
[WhiteFideId "-1"]
[WhiteFideId "-1"]
[PlyCount "34"]
[GameId "2151043325453259"]
[EventDate "2025.02.21"]
[EventType "swiss"]
[EventRounds "5"]
[EventCountry "CAN"]
[TimeControl "5400+30"]

1. e4 e6 2. d4 d5 3. Nd2 c5 4. exd5 Qxd5 5. Ngf3 cxd4 6. g3 b6 7. Bc4 Qd6 8. a3 Nf6 9. Nb3 Nc6 10. Nbxd4 Nxd4 11. Qxd4 Bb7 12. Qxd6 Bxd6 13. Ke2 Ng4 14. Rd1 Bxf3+ 15. Kxf3 Ne5+ 16. Ke2 Nxc4 17. b3 Be5 0-1

[Event "Carnaval"]
[Site "Quebec CAN"]
[Date "2025.02.23"]
[Round "4"]
[White "Latorre, Vincent"]
[Black "Drolet, Stephane"]
[Result "1-0"]
[WhiteElo "2368"]
[BlackElo "2038"]
[WhiteFideId "-1"]
[WhiteFideId "-1"]
[PlyCount "51"]
[GameId "2151043325440961"]
[EventDate "2025.02.21"]
[EventType "swiss"]
[EventRounds "5"]
[EventCountry "CAN"]
[TimeControl "5400+30"]

1. Nf3 d5 2. g3 Nc6 3. d4 Bf5 4. Bg2 Qd7 5. O-O Bh3 6. Bxh3 Qxh3 7. c4 O-O-O 8. Ng5 Qh5 9. e4 Qg6 10. cxd5 Nb4 11. Nc3 Nh6 12. a3 Qa6 13. Be3 Nd3 14. Qc2 e5 15. dxe6 f6 16. Nf3 Qxe6 17. Rad1 Qh3 18. Bxh6 gxh6 19. Qxd3 Rg8 20. Kh1 h5 21. Ng1 Qe6 22. Qf3 Rg5 23. h4 Ra5 24. d5 Qe8 25. Nce2 Ra4 26. Nd4 1-0

[Event "Carnaval"]
[Site "Quebec CAN"]
[Date "2025.02.23"]
[Round "4"]
[White "Rainfray, Arnaud"]
[Black "Vallieres, David"]
[Result "1-0"]
[WhiteElo "2350"]
[BlackElo "1866"]
[WhiteFideId "-1"]
[WhiteFideId "-1"]
[PlyCount "45"]
[GameId "2151043325440960"]
[EventDate "2025.02.21"]
[EventType "swiss"]
[EventRounds "5"]
[EventCountry "CAN"]
[TimeControl "5400+30"]

1. e4 c5 2. c3 Nf6 3. e5 Nd5 4. Nf3 e6 5. d4 cxd4 6. cxd4 b6 7. Nc3 Nxc3 8. bxc3 Bb7 9. Bd3 Qc7 10. O-O Qxc3 11. Bf4 Ba3 12. Qe2 Qc6 13. Rad1 O-O 14. d5 Qa4 15. Bxh7+ Kxh7 16. Rd4 Bb4 17. Ng5+ Kg8 18. Qd3 f5 19. exf6 Rxf6 20. Qh7+ Kf8 21. Qh8+ Ke7 22. d6+ Bxd6 23. Bxd6# 1-0

[Event "Carnaval"]
[Site "Quebec CAN"]
[Date "2025.02.23"]
[Round "4"]
[White "Vaillant, Charles-Etienne"]
[Black "Marquis, Paul"]
[Result "1-0"]
[WhiteElo "1906"]
[BlackElo "1861"]
[WhiteFideId "-1"]
[WhiteFideId "-1"]
[PlyCount "85"]
[GameId "2151043325436862"]
[EventDate "2025.02.21"]
[EventType "swiss"]
[EventRounds "5"]
[EventCountry "CAN"]
[TimeControl "5400+30"]

1. Nf3 Nf6 2. c4 g6 3. d4 Bg7 4. g3 O-O 5. Bg2 d6 6. Nc3 Nc6 7. O-O a6 8. b3 Rb8 9. d5 Na5 10. Bg5 b5 11. cxb5 axb5 12. Rc1 Bd7 13. b4 Nc4 14. Nd4 h6 15. Bxf6 Bxf6 16. e3 Bxd4 17. exd4 e5 18. dxe6 Bxe6 19. d5 Bd7 20. Qd4 f5 21. a4 Qf6 22. Qxf6 Rxf6 23. Nxb5 Bxb5 24. axb5 Na3 25. Rxc7 Nxb5 26. Rcc1 Rf7 27. Rc6 Rfb7 28. Re1 Kf7 29. Re3 Re7 30. Rxe7+ Kxe7 31. Bf1 Kd7 32. Rc4 Na3 33. Rh4 h5 34. b5 Nb1 35. Rb4 Nc3 36. Bc4 Ne4 37. b6 Nc5 38. Bb5+ Kc8 39. Be8 g5 40. Bg6 Kb7 41. Bxf5 Ra8 42. Kg2 Na4 43. Bd7 1-0

[Event "Carnaval"]
[Site "Quebec CAN"]
[Date "2025.02.21"]
[Round "5"]
[White "Moses, Neil"]
[Black "Latorre, Vincent"]
[Result "1/2-1/2"]
[WhiteElo "2326"]
[BlackElo "2368"]
[WhiteFideId "-1"]
[WhiteFideId "-1"]
[PlyCount "137"]
[GameId "2150748453557174"]
[EventDate "2025.02.21"]
[EventType "swiss"]
[EventRounds "5"]
[EventCountry "CAN"]

1. Nf3 Nf6 2. b3 g6 3. Bb2 Bg7 4. g3 O-O 5. Bg2 d6 6. d4 c5 7. c4 d5 8. dxc5 Qa5+ 9. Nbd2 dxc4 10. Qc1 Na6 11. O-O Qxc5 12. Qxc4 Qxc4 13. Nxc4 Be6 14. Ng5 Bxc4 15. bxc4 Nc5 16. Ba3 Rac8 17. Rac1 b6 18. Rfd1 h6 19. Bxc5 Rxc5 20. Ne4 Nxe4 21. Bxe4 Rc7 22. Bd3 Rfc8 23. Rb1 e6 24. e3 Kf8 25. Kf1 Ke7 26. g4 Rc5 27. Rb5 Be5 28. h3 R8c6 29. Ke2 a6 30. Rxc5 Rxc5 31. Rb1 Bc7 32. a4 h5 33. f4 g5 34. Kf3 h4 35. Rb2 Bd8 36. Rd2 Bc7 37. Rd1 Ke8 38. Rd2 Bd8 39. Rd1 Rc6 40. Ke2 Be7 41. Ra1 Rc5 42. Rb1 Bd8 43. Rd1 Rc6 44. Kf3 Bf6 45. Ke2 Ke7 46. Rd2 Rc5 47. Rd1 Ke8 48. Kf3 Bd8 49. Rd2 Ke7 50. fxg5 Rxg5 51. c5 Rxc5 52. Bxa6 Bc7 53. Bb5 Bd6 54. Re2 f6 55. Rg2 Re5 56. Rd2 Rc5 57. Rg2 Rd5 58. Bc6 Re5 59. Rb2 Bc5 60. Rb3 Kd6 61. Bb5 Ke7 62. Bc6 Kd6 63. Bb5 Kc7 64. Rd3 Bd6 65. Rc3+ Bc5 66. Rd3 Bd6 67. Rc3+ Bc5 68. Rd3 Bd6 69. Rc3+ {0.} 1/2-1/2

[Event "Carnaval"]
[Site "Quebec CAN"]
[Date "2025.02.21"]
[Round "5"]
[White "Sai, Krishna GV"]
[Black "Chiku-Ratte, Olivier-Kenta"]
[Result "1/2-1/2"]
[WhiteElo "2445"]
[BlackElo "2402"]
[WhiteFideId "-1"]
[WhiteFideId "-1"]
[PlyCount "33"]
[GameId "2150748453557173"]
[EventDate "2025.02.21"]
[EventType "swiss"]
[EventRounds "5"]
[EventCountry "CAN"]

1. e4 e5 2. Nf3 Nf6 3. Nxe5 Nxe4 4. Qe2 Qe7 5. Qxe4 d6 6. d4 dxe5 7. dxe5 Nc6 8. Nc3 Qxe5 9. Qxe5+ Nxe5 10. Nb5 Bb4+ 11. c3 Ba5 12. Bf4 f6 13. b4 Bb6 14. Be3 Kd8 15. O-O-O+ Bd7 16. Nd4 Kc8 17. f4 {0.} 1/2-1/2

[Event "Carnaval"]
[Site "Quebec CAN"]
[Date "2025.02.23"]
[Round "5"]
[White "Batorshyn, Ilia"]
[Black "Rainfray, Arnaud"]
[Result "1-0"]
[WhiteElo "2253"]
[BlackElo "2350"]
[WhiteFideId "-1"]
[WhiteFideId "-1"]
[PlyCount "115"]
[GameId "2150748453557178"]
[EventDate "2025.02.21"]
[EventType "swiss"]
[EventRounds "5"]
[EventCountry "CAN"]

1. d4 d5 2. c4 e6 3. Nf3 c5 4. cxd5 exd5 5. Nc3 Nc6 6. g3 Nf6 7. Bg2 Be7 8. O-O O-O 9. dxc5 Bxc5 10. Bg5 d4 11. Bxf6 Qxf6 12. Ne4 Qe7 13. Nxc5 Qxc5 14. Qd2 Rd8 15. Rac1 Qe7 16. a3 Bf5 17. Rfe1 Rac8 18. b4 a6 19. Qg5 Be4 20. Qxe7 Nxe7 21. Rxc8 Nxc8 22. Rd1 Nb6 23. Rxd4 Rxd4 24. Nxd4 Bxg2 25. Kxg2 Nc4 26. Nc2 f6 27. Kf3 Kf7 28. Ke4 Ke6 29. Kd4 Ne5 30. f4 Nd7 31. e4 h5 32. Ne3 Nf8 33. Nc4 g6 34. Na5 b6 35. Nc4 Nd7 36. Ne3 Kd6 37. Nd5 Kc6 38. Ne7+ Kb5 39. Nxg6 Ka4 40. e5 fxe5+ 41. Nxe5 Nf8 42. Kc3 Kxa3 43. Nc4+ Ka4 44. Nxb6+ Kb5 45. Nc4 Kc6 46. f5 Kd5 47. Kd3 Nd7 48. h3 Nf6 49. g4 Ne4 50. Ke3 hxg4 51. hxg4 Ng5 52. Nd2 Nf7 53. Kf4 Ne5 54. g5 Nd3+ 55. Kg4 Nxb4 56. g6 Ke5 57. g7 Nd5 58. Kg5 1-0

[Event "Carnaval"]
[Site "Quebec CAN"]
[Date "2025.02.23"]
[Round "5"]
[White "Bourassa, Samuel"]
[Black "Bain-Thouverez, Aurelien"]
[Result "0-1"]
[WhiteElo "2044"]
[BlackElo "1804"]
[WhiteFideId "-1"]
[WhiteFideId "-1"]
[PlyCount "72"]
[GameId "2151043325453261"]
[EventDate "2025.02.21"]
[EventType "swiss"]
[EventRounds "5"]
[EventCountry "CAN"]
[TimeControl "5400+30"]

1. e4 d5 2. exd5 Nf6 3. Nc3 Nxd5 4. Bc4 Nxc3 5. bxc3 Nd7 6. d4 g6 7. Be3 Bg7 8. Qd2 h6 9. Ne2 Nb6 10. Bd3 Nd5 11. Rb1 Nxe3 12. fxe3 Qd5 13. O-O O-O 14. c4 Qg5 15. c3 e5 16. Rf3 Qe7 17. e4 Bg4 18. Re3 h5 19. h3 Bc8 20. Rf3 b6 21. Rf2 Bb7 22. c5 exd4 23. cxd4 Bxe4 24. cxb6 axb6 25. Qe3 Rfe8 26. Rbf1 Bxd3 27. Qxd3 Rf8 28. Qc4 b5 29. Qb3 Ra3 30. Rxf7 Rxf7 31. Rxf7 Qe3+ 32. Qxe3 Rxe3 33. Rf2 Ra3 34. Rf4 Rxa2 35. Kf2 b4 36. Ke3 Bh6 0-1

[Event "Carnaval"]
[Site "Quebec CAN"]
[Date "2025.02.23"]
[Round "5"]
[White "Di Matteo, Alessio"]
[Black "Berube, Antoine"]
[Result "0-1"]
[WhiteElo "1973"]
[BlackElo "2197"]
[WhiteFideId "-1"]
[WhiteFideId "-1"]
[PlyCount "86"]
[GameId "2151043325453263"]
[EventDate "2025.02.21"]
[EventType "swiss"]
[EventRounds "5"]
[EventCountry "CAN"]
[TimeControl "5400+30"]

1. d4 d5 2. c4 c6 3. Nf3 Nf6 4. Nc3 e6 5. g3 dxc4 6. Bg2 Nbd7 7. O-O b5 8. e4 b4 9. e5 Nd5 10. Ne4 Be7 11. Bg5 O-O 12. Qc2 a5 13. Bxe7 Qxe7 14. Rfe1 Ba6 15. Neg5 g6 16. h4 c5 17. Rad1 Rac8 18. h5 c3 19. hxg6 hxg6 20. Qe4 Kg7 21. b3 cxd4 22. Qxd4 a4 23. Ne4 Nc5 24. Nd6 axb3 25. Qg4 Nd3 26. Nh4 Qa7 27. Nhf5+ exf5 28. Nxf5+ Kg8 29. Nh6+ Kh7 30. Qh4 Qxf2+ 31. Kh2 Rh8 32. Rf1 Kg7 33. Rxf2 Nxf2 34. Qd4 Rxh6+ 35. Kg1 c2 36. e6+ Nf6 37. Rc1 Nd3 38. Rf1 g5 39. Qa7 c1=Q 40. Rxc1 Rxc1+ 41. Bf1 Ne5 42. Qxa6 b2 43. e7 b1=Q 0-1

[Event "Carnaval"]
[Site "Quebec CAN"]
[Date "2025.02.23"]
[Round "5"]
[White "Dufresne, Christophe"]
[Black "Guillemette, Thomas"]
[Result "0-1"]
[WhiteElo "1941"]
[BlackElo "1871"]
[WhiteFideId "-1"]
[WhiteFideId "-1"]
[PlyCount "120"]
[GameId "2151043325469649"]
[EventDate "2025.02.21"]
[EventType "swiss"]
[EventRounds "5"]
[EventCountry "CAN"]
[TimeControl "5400+30"]

1. e4 c5 2. Nf3 d6 3. c3 Nf6 4. h3 Nc6 5. d3 g6 6. Be2 Bg7 7. O-O O-O 8. Be3 b6 9. Qd2 d5 10. e5 d4 11. exf6 dxe3 12. Qxe3 Bxf6 13. Nbd2 Bf5 14. Rad1 Qc7 15. Nb3 e5 16. Nh2 Rad8 17. Bg4 Qd7 18. Qf3 Bxg4 19. Nxg4 Bg7 20. Nf6+ Bxf6 21. Qxf6 Rfe8 22. Rfe1 Re6 23. Qf3 Rd6 24. Rd2 c4 25. Nc1 cxd3 26. Red1 Qe6 27. Re1 f5 28. Rxd3 Rxd3 29. Nxd3 e4 30. Qe2 Qxa2 31. Nc1 Qe6 32. Qc2 Ne5 33. Rd1 Rxd1+ 34. Qxd1 Qd7 35. Qb3+ Kg7 36. Qc2 Kf6 37. Qe2 Qd5 38. Qc2 b5 39. Qe2 Nc4 40. b3 Ne5 41. Qe3 Nd3 42. Ne2 Qxb3 43. Qd4+ Ke6 44. Qh8 Qd1+ 45. Kh2 Qxe2 46. Qxh7 Qxf2 47. Qxg6+ Ke7 48. Qg7+ Kd6 49. Qf6+ Kc5 50. Qf7 Qf4+ 51. Kh1 Qc1+ 52. Kh2 Qxc3 53. Qxa7+ Kb4 54. Qe7+ Qc5 55. Qf7 e3 56. Qa2 Qc3 57. Qb1+ Kc4 58. Qa2+ Qb3 59. Qe2 Qb2 60. Qxe3 Qe5+ 0-1

[Event "Carnaval"]
[Site "Quebec CAN"]
[Date "2025.02.23"]
[Round "5"]
[White "Masse, Hugues"]
[Black "Jiang, Barron Jiyu"]
[Result "1/2-1/2"]
[WhiteElo "2121"]
[BlackElo "1956"]
[WhiteFideId "-1"]
[WhiteFideId "-1"]
[PlyCount "78"]
[GameId "2151043325469650"]
[EventDate "2025.02.21"]
[EventType "swiss"]
[EventRounds "5"]
[EventCountry "CAN"]
[TimeControl "5400+30"]

1. d4 Nf6 2. Bf4 d5 3. e3 g6 4. Nf3 Bg7 5. h3 O-O 6. Be2 Nbd7 7. O-O Re8 8. c3 Ne4 9. Nbd2 Nxd2 10. Qxd2 b6 11. a4 c5 12. b4 a5 13. bxc5 bxc5 14. Bb5 Ba6 15. Rfb1 cxd4 16. cxd4 Bxb5 17. Rxb5 Nb6 18. Rxa5 Qd7 19. Qb4 Nc4 20. Rb5 e6 21. a5 Bf8 22. Qb3 Bd6 23. Ne5 Bxe5 24. Bxe5 Nxe5 25. dxe5 Qc7 26. f4 Reb8 27. a6 Rxb5 28. Qxb5 Qc3 29. Qf1 Qxe3+ 30. Qf2 Qc3 31. Ra4 Qc6 32. Qa2 d4 33. a7 d3 34. Kh2 Qc1 35. Qb3 d2 36. Qb8+ Kg7 37. Rd4 Rxb8 38. axb8=Q d1=Q 39. Rxd1 Qxd1 1/2-1/2

[Event "Carnaval"]
[Site "Quebec CAN"]
[Date "2025.02.23"]
[Round "5"]
[White "Wilkin, Alain"]
[Black "Turcotte, Jonathan"]
[Result "1/2-1/2"]
[WhiteElo "1815"]
[BlackElo "2036"]
[WhiteFideId "-1"]
[WhiteFideId "-1"]
[PlyCount "92"]
[GameId "2151043325453262"]
[EventDate "2025.02.21"]
[EventType "swiss"]
[EventRounds "5"]
[EventCountry "CAN"]
[TimeControl "5400+30"]

1. Nf3 d5 2. g3 c6 3. Bg2 Bg4 4. d4 Nf6 5. O-O Nbd7 6. b3 e6 7. Bb2 Be7 8. Nbd2 O-O 9. c4 a5 10. a3 h6 11. Re1 Bf5 12. Ne5 Nxe5 13. dxe5 Nd7 14. e4 dxe4 15. Nxe4 Nc5 16. Nxc5 Bxc5 17. Be4 Bxe4 18. Rxe4 Qb6 19. Qc2 Rfd8 20. Ree1 Rd7 21. Rad1 Rad8 22. Rxd7 Rxd7 23. Re2 Qd8 24. Kg2 Rd1 25. Bc3 Bxa3 26. Bxa5 Qd3 27. Qxd3 Rxd3 28. Re3 Rxe3 29. fxe3 Bb2 30. Bc7 Kh7 31. Kf3 Kg6 32. e4 Bd4 33. Bd6 Kh5 34. h3 g5 35. Bc7 Kg6 36. g4 Bb2 37. Ke3 h5 38. Kd3 b5 39. Kc2 Ba1 40. cxb5 cxb5 41. Kd3 h4 42. Bd6 Bb2 43. Kc2 Bd4 44. Kd3 Bf2 45. Be7 Bg3 46. Bf6 Be1 1/2-1/2

[Event "Carnaval"]
[Site "Quebec CAN"]
[Date "2025.02.23"]
[Round "5"]
[White "Zhang, Yitian"]
[Black "Vaillant, Charles-Etienne"]
[Result "1-0"]
[WhiteElo "1784"]
[BlackElo "1906"]
[WhiteFideId "-1"]
[WhiteFideId "-1"]
[PlyCount "89"]
[GameId "2151043325465552"]
[EventDate "2025.02.21"]
[EventType "swiss"]
[EventRounds "5"]
[EventCountry "CAN"]
[TimeControl "5400+30"]

1. d4 d5 2. c4 c6 3. e3 Nf6 4. Nc3 e6 5. Nf3 Nbd7 6. Bd3 dxc4 7. Bxc4 b5 8. Bd3 a6 9. O-O c5 10. Bd2 Bb7 11. dxc5 Nxc5 12. Be2 Bd6 13. a3 O-O 14. Rc1 Qb8 15. h3 Rd8 16. b4 Nce4 17. Qc2 Ra7 18. Nxe4 Bxe4 19. Qb2 Qa8 20. Bc3 Be7 21. Bd4 Rad7 22. Ne5 Rxd4 23. exd4 Bxg2 24. Rfd1 Bxh3 25. Bf3 Nd5 26. Nc6 Re8 27. Qb3 Bg5 28. Bxd5 exd5 29. Qxh3 Bxc1 30. Rxc1 Qb7 31. Ne5 f6 32. Qd7 Qxd7 33. Nxd7 Re2 34. Rc6 Rd2 35. Rxa6 Rxd4 36. Rb6 Rd1+ 37. Kg2 d4 38. Rxb5 d3 39. Rd5 Kf7 40. b5 Ke6 41. Rxd3 Rb1 42. Rb3 Ra1 43. b6 Kxd7 44. b7 Rxa3 45. b8=Q 1-0

[Event "Classical Bliss V3"]
[Site "Montreal CAN"]
[Date "2025.02.22"]
[Round "5.1"]
[White "Both, Aaron"]
[Black "Villemaire, Michel"]
[Result "1-0"]
[WhiteElo "1921"]
[BlackElo "1481"]
[WhiteFideId "-1"]
[WhiteFideId "-1"]
[PlyCount "65"]
[GameId "2162699947507384"]
[EventDate "2025.02.01"]
[EventType "swiss"]
[EventRounds "6"]
[EventCountry "CAN"]

1. e4 c6 2. d4 d5 3. f3 dxe4 4. fxe4 e5 5. Nf3 Bg4 6. Bc4 Nd7 7. O-O Ngf6 8. c3 Be7 9. Qe1 Qc7 10. Bg5 Rf8 11. Nbd2 O-O-O 12. Kh1 Rde8 13. dxe5 Nxe5 14. Nxe5 Qxe5 15. Bf4 Qa5 16. b4 Qb6 17. a4 Be6 18. a5 Qd8 19. Qe3 Bd6 20. Qxa7 Bxf4 21. a6 Qc7 22. axb7+ Kd7 23. Rxf4 Rb8 24. Qd4+ Ke7 25. e5 Nd7 26. Bxe6 fxe6 27. Nc4 Rxf4 28. Qxf4 h6 29. Nd6 Nxe5 30. Qxe5 Qxd6 31. Qxg7+ Kd8 32. Rf1 Ke8 33. Qg8+ 1-0

[Event "Classical Bliss V3"]
[Site "Montreal CAN"]
[Date "2025.02.23"]
[Round "6.1"]
[White "Villemaire, Michel"]
[Black "Kraiouchkine, Nikita"]
[Result "0-1"]
[WhiteElo "1481"]
[BlackElo "2275"]
[WhiteFideId "-1"]
[WhiteFideId "-1"]
[PlyCount "64"]
[GameId "2162699947560635"]
[EventDate "2025.02.01"]
[EventType "swiss"]
[EventRounds "6"]
[EventCountry "CAN"]

1. d4 Nf6 2. c4 g6 3. Nc3 Bg7 4. e4 d6 5. h3 O-O 6. Be3 e5 7. d5 a5 8. Nf3 Na6 9. Bd3 Nh5 10. Qd2 f5 11. Qe2 Nf4 12. Qf1 Nb4 13. Bb1 fxe4 14. Nxe4 c6 15. a3 cxd5 16. axb4 dxe4 17. Bxe4 Be6 18. g3 d5 19. Bxf4 dxe4 20. Bg5 Qd3 21. Qxd3 exd3 22. Nd2 axb4 23. O-O Bxh3 24. Rfe1 Rxa1 25. Rxa1 e4 26. Be7 Re8 27. Bxb4 e3 28. fxe3 Rxe3 29. Kh2 Bd7 30. Rb1 Re2+ 31. Kg1 Bd4+ 32. Kf1 Bh3# 0-1

[Event "Classical Bliss V4"]
[Site "Montreal CAN"]
[Date "2025.03.01"]
[Round "1.1"]
[White "Turcotte, Jonathan"]
[Black "Yavorskyi, Yevhen"]
[Result "1-0"]
[WhiteElo "2036"]
[BlackElo "1351"]
[WhiteFideId "-1"]
[WhiteFideId "-1"]
[PlyCount "101"]
[GameId "2162699947560636"]
[EventDate "2025.03.01"]
[EventType "swiss"]
[EventRounds "6"]
[EventCountry "CAN"]

1. d4 d5 2. c4 e6 3. Nf3 Nf6 4. Nc3 Be7 5. Bg5 h6 6. Bh4 O-O 7. e3 Ne4 8. Bxe7 Qxe7 9. Rc1 Nxc3 10. Rxc3 dxc4 11. Bxc4 b6 12. O-O Bb7 13. Qe2 Nd7 14. Bb5 Nf6 15. Rfc1 Nd5 16. R3c2 a6 17. Bd3 Rac8 18. a3 b5 19. g3 Nf6 20. Ne5 Nd7 21. Nc6 Qd6 22. f4 Nb8 23. Be4 Bxc6 24. Bxc6 Rcd8 25. Be4 Rd7 26. b4 Qb6 27. Rc5 f5 28. Bb1 g6 29. Ba2 Kf7 30. Qc2 c6 31. h3 h5 32. g4 hxg4 33. hxg4 Ke7 34. Qh2 Kd6 35. e4 Re7 36. Qh6 Rff7 37. Qh8 Kc7 38. Kg2 Rh7 39. Qe5+ Kb7 40. Qd6 Rd7 41. Qxe6 Rxd4 42. R1c2 Qd8 43. Bd5 Rh2+ 44. Kxh2 Qh4+ 45. Kg2 Qxg4+ 46. Kf2 Qxf4+ 47. Ke2 Qh2+ 48. Ke3 Qg1+ 49. Kf4 Qg4+ 50. Ke5 Nd7+ 51. Qxd7+ 1-0

[Event "Classical Bliss V4"]
[Site "Montreal CAN"]
[Date "2025.03.01"]
[Round "1.3"]
[White "Ivanov Yuan, Maksim"]
[Black "Bozkurt, Berk"]
[Result "1-0"]
[WhiteElo "1737"]
[BlackElo "1148"]
[WhiteFideId "-1"]
[WhiteFideId "-1"]
[PlyCount "43"]
[GameId "2162699947560638"]
[EventDate "2025.03.01"]
[EventType "swiss"]
[EventRounds "6"]
[EventCountry "CAN"]

1. e4 c6 2. d4 d5 3. exd5 cxd5 4. c4 Nf6 5. Nc3 Nc6 6. Nf3 Bg4 7. Be3 e6 8. c5 Be7 9. Bb5 O-O 10. h3 Bh5 11. Bxc6 bxc6 12. g4 Bg6 13. Ne5 Qc7 14. Qa4 Rac8 15. h4 h6 16. h5 Bh7 17. Bf4 Rfe8 18. O-O-O Nxg4 19. Rhg1 Nf6 20. Rxg7+ Kxg7 21. Rg1+ Kf8 22. Bxh6# 1-0

[Event "Classical Bliss V4"]
[Site "Montreal CAN"]
[Date "2025.03.01"]
[Round "1.4"]
[White "Pepin, Pierre-Luc"]
[Black "Robillard, Guillaume"]
[Result "0-1"]
[WhiteElo "968"]
[BlackElo "1528"]
[WhiteFideId "-1"]
[WhiteFideId "-1"]
[PlyCount "85"]
[GameId "2162699947560639"]
[EventDate "2025.03.01"]
[EventType "swiss"]
[EventRounds "6"]
[EventCountry "CAN"]

1. d4 Nf6 2. Nf3 d6 3. c4 Nbd7 4. Nc3 e5 5. dxe5 dxe5 6. a3 c6 7. e3 Be7 8. Be2 O-O 9. O-O Qc7 10. Qc2 a5 11. Rd1 Re8 12. b3 Nc5 13. Nd2 Bf8 14. e4 g6 15. Bb2 Ne6 16. Nf3 Nf4 17. Bf1 Bg4 18. Ne2 Nh3+ 19. gxh3 Bxf3 20. Bg2 Bxg2 21. Kxg2 Nh5 22. Bc1 Rad8 23. Rxd8 Rxd8 24. Bd2 b6 25. Be3 Nf4+ 26. Bxf4 exf4 27. f3 Qd6 28. Qc1 Qd2 29. Qxd2 Rxd2 30. Kf1 Rd3 31. Kf2 Bc5+ 32. Kg2 Be3 33. b4 Rd2 34. Kf1 axb4 35. axb4 Rb2 36. Ra4 b5 37. cxb5 cxb5 38. Ra5 Rxb4 39. Nc3 Rb2 40. Nd1 Rxh2 41. Nxe3 fxe3 42. Rxb5 Rf2+ 43. Ke1 0-1

[Event "Classical Bliss V4"]
[Site "Montreal CAN"]
[Date "2025.03.02"]
[Round "2.1"]
[White "Laktionov, Tymur"]
[Black "Turcotte, Jonathan"]
[Result "0-1"]
[WhiteElo "1423"]
[BlackElo "2036"]
[WhiteFideId "-1"]
[WhiteFideId "-1"]
[PlyCount "136"]
[GameId "2162699947560643"]
[EventDate "2025.03.01"]
[EventType "swiss"]
[EventRounds "6"]
[EventCountry "CAN"]

1. e4 c6 2. d4 d5 3. e5 Bf5 4. Nf3 e6 5. Be2 c5 6. c3 Nc6 7. O-O Bg6 8. Be3 Qb6 9. b3 cxd4 10. Nxd4 Bc5 11. b4 Bxd4 12. Bxd4 Nxd4 13. Qxd4 Qxd4 14. cxd4 Ne7 15. Nc3 O-O 16. b5 Rac8 17. Rac1 Rc7 18. b6 axb6 19. Nb5 Rxc1 20. Rxc1 Nc6 21. a3 h6 22. f4 Ra8 23. Kf2 Ra4 24. Ke3 Be4 25. g3 g5 26. Rc3 Ne7 27. Nd6 Nf5+ 28. Nxf5 Bxf5 29. Bb5 Ra7 30. a4 Bg4 31. Kd2 gxf4 32. gxf4 Bh5 33. Rc7 Kg7 34. Bc6 Kg6 35. Rxb7 Rxb7 36. Bxb7 Kf5 37. Kc3 Kxf4 38. Kb4 Be2 39. Bc6 Ke3 40. Kc3 Ke4 41. Be8 Bh5 42. Bb5 Ke3 43. Bd3 Bg6 44. Ba6 h5 45. h4 Ke4 46. Bd3+ Kf4 47. Bxg6 fxg6 48. Kb4 g5 49. hxg5 Kxg5 50. Kb5 h4 51. Kxb6 h3 52. a5 h2 53. a6 h1=Q 54. a7 Qa1 55. Kb7 Qb2+ 56. Kc6 Qxd4 57. a8=Q Qxe5 58. Qg8+ Kf4 59. Qf8+ Ke4 60. Qb4+ Qd4 61. Qb1+ Kf3 62. Qf1+ Kg4 63. Qg2+ Kf5 64. Qf3+ Qf4 65. Qh3+ Qg4 66. Qd3+ Kf6 67. Qc3+ d4 68. Qa5 Qe4+ 0-1

[Event "Classical Bliss V4"]
[Site "Montreal CAN"]
[Date "2025.03.02"]
[Round "2.2"]
[White "Poirier, Normand"]
[Black "Ivanov Yuan, Maksim"]
[Result "1-0"]
[WhiteElo "1417"]
[BlackElo "1737"]
[WhiteFideId "-1"]
[WhiteFideId "-1"]
[PlyCount "120"]
[GameId "2162699947560644"]
[EventDate "2025.03.01"]
[EventType "swiss"]
[EventRounds "6"]
[EventCountry "CAN"]

1. e4 e5 2. Nf3 Nc6 3. Bc4 Bc5 4. c3 Nf6 5. d4 exd4 6. cxd4 Bb4+ 7. Nc3 Nxe4 8. O-O Bxc3 9. d5 Ne7 10. Qe2 Bf6 11. Qxe4 O-O 12. Bd3 Ng6 13. h4 Re8 14. Qc4 Nxh4 15. Be4 d6 16. Re1 Nxf3+ 17. gxf3 Bh3 18. Qb5 Qd7 19. Qxb7 Reb8 20. Qc6 Qxc6 21. dxc6 Be6 22. Re2 Re8 23. Bf4 Rab8 24. Be3 a5 25. Rd2 Bxb2 26. Rb1 Bf6 27. Rb7 Rec8 28. a4 Bc3 29. Rd3 Bb4 30. f4 Bc4 31. Rd4 Ba6 32. Ra7 Ra8 33. Rb7 Bc5 34. Rd5 Bxe3 35. fxe3 Re8 36. Bd3 Bxb7 37. cxb7 Rab8 38. Ba6 Rxe3 39. Rxa5 Re4 40. Bd3 Rb4 41. Bb5 Rb1+ 42. Kf2 Rb2+ 43. Ke3 Re8+ 44. Bxe8 Rxb7 45. Ra8 Rb3+ 46. Kd4 h5 47. a5 Rb4+ 48. Kd5 h4 49. Kc6 Kf8 50. Kxc7 Ke7 51. Bc6 h3 52. Re8+ Kf6 53. Kxd6 h2 54. a6 Ra4 55. Rh8 Rxa6 56. Rxh2 Ra1 57. Rf2 g6 58. Kd7 Rc1 59. Kc7 Kf5 60. Kd6 Kf6 1-0

[Event "Classical Bliss V4"]
[Site "Montreal CAN"]
[Date "2025.03.02"]
[Round "2.3"]
[White "Robillard, Guillaume"]
[Black "Rebhi, Mohamed"]
[Result "1-0"]
[WhiteElo "1528"]
[BlackElo "1284"]
[WhiteFideId "-1"]
[WhiteFideId "-1"]
[PlyCount "89"]
[GameId "2162699947560645"]
[EventDate "2025.03.01"]
[EventType "swiss"]
[EventRounds "6"]
[EventCountry "CAN"]

1. e4 e5 2. Nf3 Nc6 3. Bb5 f5 4. Nc3 d6 5. d4 Bd7 6. O-O f4 7. Bxc6 Bxc6 8. dxe5 g5 9. Nd4 dxe5 10. Qh5+ Kd7 11. Qg4+ Ke8 12. Nxc6 bxc6 13. Qe6+ Ne7 14. Rd1 Qc8 15. Qxe5 Rg8 16. b3 Bg7 17. Qc5 Qe6 18. Ba3 Be5 19. Rd3 g4 20. Rad1 Bd6 21. Qh5+ Rg6 22. Bxd6 cxd6 23. Rxd6 Qf7 24. Rxg6 Qxg6 25. Qe5 Kf7 26. Rd6 Qg7 27. Qxf4+ Kg8 28. Qf6 g3 29. Qxg7+ Kxg7 30. hxg3 Rb8 31. f4 c5 32. f5 Kf7 33. Kf2 c4 34. Rd7 Ke8 35. Rc7 cxb3 36. axb3 a5 37. Na4 Rd8 38. Ke3 h5 39. Nc5 Ng8 40. e5 Nh6 41. Ke4 Ng4 42. f6 Nf2+ 43. Kf5 Nd1 44. Rh7 Ne3+ 45. Kg6 1-0